00654 a2200181 4500952014500000999001700145003000400162005001700166008004100183020001800224040000900242082001900251100002600270245006800296260005000364300001400414942004400428 00102ddc40708DAIRYaMESbMEScDAIRYd2022-09-26e53g430.00l0o664.024 RAS/Np41600r2022-09-26 00:00:00v430.00w2022-09-26yBKzU21R3 c41556d41556OSt20220926140428.0220926b ||||| |||| 00| 0 eng d a9781420043969 coclc a664.024bRAS/N1 99135aRastall, Robert aNovel enzyme technology for food applications /cRobert Rastall aEngland:bWoodhead Publishing limited,c2007. a320 pages 2ddccBKh664.024iRAS/Nk664.024mRAS/N